000 00658nam a2200217Ii 4500
003 JO-AjNU
008 230605s9999||||xx |||||||||||||| ||und||
017 _a2010/2/513
040 _aJO-AjNU
_bara
_erda
_cJO-AjNU
041 _aara
050 1 4 _aQ180 .A1 S266 2011
100 3 _aالسماك، محمد ازهر سعيد,
_eauthor
_930980
245 0 0 _aطرق البحث العلمي أسس وتطبيقات
250 _aد.ط
264 3 1 _aعمان:داراسامة ،2011
300 _a322ص
336 _atext
_btxt
_2rdacontent
337 _aunmediated
_bn
_2rdamedia
338 _avolume
_bnc
_2rdacarrier
650 4 _aطرق البحث
_930981
999 _aA12342
_c15910
_d15910